500k+ Subdivisions of Asia on a Map - Statistics

General Stats
  • This quiz has been taken 26 times
    11 since last reset
  • The average score is 439 of 618
Answers on the Map
Answers color-coded by a green-red scale on the quiz's map according to % correct below.
 
Answer Stats
Country Type Subdivision % Correct
United Arab Emirates 2023 E Emirate Abu Dhabi
100%
Turkey 2022 E Province Adana
100%
Yemen 2004 C Governorate Aden
100%
Turkmenistan 2022 C Region Ahal
100%
Kazakhstan 2026 E Region Akmola
100%
Kuwait 2021 C Governorate Al Asimah
100%
Syria 2021 E Governorate Aleppo
100%
Yemen 2004 C Governorate Al Hudaydah
100%
Kazakhstan 2026 E City Almaty
100%
Kazakhstan 2026 E Region Almaty
100%
Jordan 2021 E Governorate Amman
100%
India 2023 P State Andhra Pradesh
100%
Turkey 2022 E Province Antalya
100%
Japan 2024 E Prefecture Aomori
100%
India 2023 P State Arunachal Pradesh
100%
Turkmenistan 2022 C City Ashgabat
100%
India 2023 P State Assam
100%
Kazakhstan 2026 E City Astana
100%
Iraq 2024 C Governorate Baghdad
100%
Pakistan 2023 C Province Balochistan
100%
Thailand 2019 P Area Bangkok
100%
Iraq 2024 C Governorate Basra
100%
China 2020 C Municipality Beijing
100%
India 2023 P State Bihar
100%
Kyrgyzstan 2022 C City Bishkek
100%
Uzbekistan 2025 E Region Bukhara
100%
South Korea 2020 C Metropolitan City Busan
100%
Bahrain 2024 E Province Capital
100%
Israel 2021 E District Central
100%
Sri Lanka 2024 C Province Central
100%
Indonesia 2020 C Province Central Java
100%
Indonesia 2020 C Province Central Papua
100%
Indonesia 2020 C Province Central Sulawesi
100%
Russia 2025 E Region Chelyabinsk
100%
Thailand 2019 P Province Chiang Mai
100%
Syria 2021 E Governorate Damascus
100%
Vietnam 2019 C Municipality Da Nang
100%
Philippines 2024 C Region Davao
100%
India 2023 P Territory Delhi
100%
United Arab Emirates 2023 E Emirate Dubai
100%
Sri Lanka 2024 C Province Eastern
100%
Saudi Arabia 2022 C Region Eastern Province
100%
Indonesia 2020 C Province East Java
100%
Indonesia 2020 C Province East Kalimantan
100%
Kazakhstan 2026 E Region East Kazakhstan
100%
Japan 2024 E Prefecture Fukushima
100%
China 2020 C Province Gansu
100%
Turkey 2022 E Province Gaziantep
100%
Pakistan 2023 C Territory Gilgit-Baltistan
100%
India 2023 P State Goa
100%
China 2020 C Province Guangdong
100%
India 2023 P State Gujarat
100%
China 2020 C Province Hainan
100%
Vietnam 2019 C Municipality Hanoi
100%
India 2023 P State Haryana
100%
China 2020 C Province Hebei
100%
China 2020 C Province Heilongjiang
100%
Japan 2024 E Prefecture Hiroshima
100%
Vietnam 2019 C Municipality Ho Chi Minh
100%
Japan 2024 E Prefecture Hokkaido
100%
China 2020 C Special Region Hong Kong
100%
China 2020 C Province Hubei
100%
South Korea 2020 C Metropolitan City Incheon
100%
China 2020 C Region Inner Mongolia
100%
Russia 2025 E Region Irkutsk
100%
Pakistan 2023 C Territory Islamabad Capital Territory
100%
Kyrgyzstan 2022 C Region Issyk-Kul
100%
Turkey 2022 E Province Istanbul
100%
Turkey 2022 E Province İzmir
100%
South Korea 2020 C Special Self-Governing Province Jeju
100%
Israel 2021 E District Jerusalem
100%
Afghanistan 2020 P Province Kabul
100%
Afghanistan 2020 P Province Kandahar
100%
Uzbekistan 2025 E Republic Karakalpakstan
100%
India 2023 P State Karnataka
100%
India 2023 P State Kerala
100%
Pakistan 2023 C Province Khyber Pakhtunkhwa
100%
Turkey 2022 E Province Konya
100%
Russia 2025 E Territory Krasnoyarsk
100%
Malaysia 2023 E Territory Kuala Lumpur
100%
Japan 2024 E Prefecture Kyoto
100%
China 2020 C Special Region Macau
100%
Saudi Arabia 2022 C Region Madinah
100%
India 2023 P State Maharashtra
100%
Saudi Arabia 2022 C Region Makkah
100%
Turkmenistan 2022 C Region Mary
100%
India 2023 P State Mizoram
100%
Oman 2020 C Governorate Muscat
100%
Japan 2024 E Prefecture Nagasaki
100%
Japan 2024 E Prefecture Nara
100%
Philippines 2024 C Region National Capital
100%
Myanmar 2024 C Territory Naypyidaw
100%
Lebanon 2017 E Governorate North
100%
Israel 2021 E District Northern
100%
Sri Lanka 2024 C Province Northern
100%
Indonesia 2020 C Province North Kalimantan
100%
Kazakhstan 2026 E Region North Kazakhstan
100%
Egypt 2023 E Governorate North Sinai
100%
Indonesia 2020 C Province North Sulawesi
100%
Indonesia 2020 C Province North Sumatra
100%
Sri Lanka 2024 C Province North Western
100%
Russia 2025 E Region Novosibirsk
100%
India 2023 P State Odisha
100%
Japan 2024 E Prefecture Okinawa
100%
Japan 2024 E Prefecture Osaka
100%
Kyrgyzstan 2022 C Region Osh
100%
India 2023 P Territory Puducherry
100%
India 2023 P State Punjab
100%
Pakistan 2023 C Province Punjab
100%
North Korea 2008 C Direct-administered City Pyongyang
100%
India 2023 P State Rajasthan
100%
Syria 2021 E Governorate Rif Dimashq
100%
Saudi Arabia 2022 C Region Riyadh
100%
Russia 2025 E Republic Sakha
100%
Uzbekistan 2025 E Region Samarqand
100%
Turkey 2022 E Province Samsun
100%
Turkey 2022 E Province Şanlıurfa
100%
South Korea 2020 C Special City Seoul
100%
China 2020 C Province Shaanxi
100%
Myanmar 2024 C State Shan
100%
China 2020 C Municipality Shanghai
100%
China 2020 C Province Shanxi
100%
China 2020 C Province Sichuan
100%
India 2023 P State Sikkim
100%
Iran 2023 P Province Sistan and Baluchestan
100%
Lebanon 2017 E Governorate South
100%
Indonesia 2020 C Province Southeast Sulawesi
100%
Israel 2021 E District Southern
100%
Sri Lanka 2024 C Province Southern
100%
Indonesia 2020 C Province South Kalimantan
100%
Indonesia 2020 C Province South Papua
100%
Indonesia 2020 C Province South Sulawesi
100%
Indonesia 2020 C Province South Sumatra
100%
Indonesia 2020 C Province Special Capital Region of Jakarta
100%
Indonesia 2020 C Province Special Region of Yogyakarta
100%
Nepal 2021 C Province Sudurpashchim
100%
Taiwan 2020 C Municipality Taipei
100%
India 2023 P State Tamil Nadu
100%
Uzbekistan 2025 E City Tashkent
100%
Uzbekistan 2025 E Region Tashkent
100%
Georgia 2024 C City Tbilisi
100%
Iran 2023 P Province Tehran
100%
India 2023 P State Telangana
100%
China 2020 C Municipality Tianjin
100%
China 2020 C Region Tibet
100%
Japan 2024 E Prefecture Tokyo
100%
Kazakhstan 2026 E Region Turkistan
100%
India 2023 P State Uttar Pradesh
100%
Turkey 2022 E Province Van
100%
India 2023 P State West Bengal
100%
Sri Lanka 2024 C Province Western
100%
Indonesia 2020 C Province West Java
100%
Indonesia 2020 C Province West Kalimantan
100%
Kazakhstan 2026 E Region West Kazakhstan
100%
Indonesia 2020 C Province West Papua
100%
Indonesia 2020 C Province West Sulawesi
100%
Indonesia 2020 C Province West Sumatra
100%
China 2020 C Region Xinjiang Uyghur
100%
Russia 2025 E Area Yamalo-Nenets
100%
Myanmar 2024 C Region Yangon
100%
Indonesia 2020 C Province Aceh
86%
Qatar 2020 C Municipality Ad Dawhah
86%
Japan 2024 E Prefecture Akita
86%
Kazakhstan 2026 E Region Aktobe
86%
Russia 2025 E Territory Altai
86%
Russia 2025 E Region Amur
86%
Uzbekistan 2025 E Region Andijan
86%
China 2020 C Province Anhui
86%
Turkey 2022 E Province Ankara
86%
Kazakhstan 2026 E Region Atyrau
86%
Pakistan 2023 C Territory Azad Jammu and Kashmir
86%
Azerbaijan 2025 E City Baku
86%
Indonesia 2020 C Province Bali
86%
Afghanistan 2020 P Province Balkh
86%
Turkey 2022 E Province Bursa
86%
Russia 2025 E Republic Buryatia
86%
Indonesia 2020 C Province Central Kalimantan
86%
India 2023 P Territory Chandigarh
86%
India 2023 P State Chhattisgarh
86%
Japan 2024 E Prefecture Chiba
86%
China 2020 C Municipality Chongqing
86%
India 2023 P Territory Dadra and Nagar Haveli and Daman and Diu
86%
South Korea 2020 C Metropolitan City Daegu
86%
Bangladesh 2022 C Division Dhaka
86%
Turkey 2022 E Province Diyarbakır
86%
Tajikistan 2024 E City Dushanbe
86%
Iran 2023 P Province East Azerbaijan
86%
Indonesia 2020 C Province East Nusa Tenggara
86%
Iran 2023 P Province Fars
86%
Uzbekistan 2025 E Region Fergana
86%
China 2020 C Province Fujian
86%
Japan 2024 E Prefecture Fukuoka
86%
Palestine 2023 P Government Gaza Strip
86%
Afghanistan 2020 P Province Ghor
86%
Japan 2024 E Prefecture Gifu
86%
Iran 2023 P Province Gilan
86%
China 2020 C Region Guangxi
86%
South Korea 2020 C Metropolitan City Gwangju
86%
Yemen 2004 C Governorate Hadramaut
86%
Israel 2021 E District Haifa
86%
Syria 2021 E Governorate Hama
86%
China 2020 C Province Henan
86%
Afghanistan 2020 P Province Herat
86%
Indonesia 2020 C Province Highland Papua
86%
India 2023 P State Himachal Pradesh
86%
Syria 2021 E Governorate Homs
86%
China 2020 C Province Hunan
86%
Iran 2023 P Province Isfahan
86%
Kyrgyzstan 2022 C Region Jalal-Abad
86%
India 2023 P Territory Jammu and Kashmir
86%
India 2023 P State Jharkhand
86%
China 2020 C Province Jilin
86%
Malaysia 2023 E State Johor
86%
Japan 2024 E Prefecture Kagoshima
86%
Japan 2024 E Prefecture Kanagawa
86%
Taiwan 2020 C Municipality Kaohsiung
86%
Russia 2025 E Region Kemerovo
86%
Russia 2025 E Territory Khabarovsk
86%
Russia 2025 E Republic Khakassia
86%
Russia 2025 E Area Khanty-Mansi
86%
Iran 2023 P Province Khuzestan
86%
Russia 2025 E Region Kurgan
86%
Syria 2021 E Governorate Latakia
86%
China 2020 C Province Liaoning
86%
India 2023 P State Madhya Pradesh
86%
Myanmar 2024 C Region Mandalay
86%
India 2023 P State Manipur
86%
India 2023 P State Meghalaya
86%
Japan 2024 E Prefecture Mie
86%
Myanmar 2024 C State Mon
86%
India 2023 P State Nagaland
86%
Japan 2024 E Prefecture Nagano
86%
Uzbekistan 2025 E Region Namangan
86%
China 2020 C Region Ningxia
86%
Russia 2025 E Region Omsk
86%
Indonesia 2020 C Province Papua
86%
Malaysia 2023 E State Penang
86%
Russia 2025 E Territory Primorsky
86%
China 2020 C Province Qinghai
86%
Iran 2023 P Province Qom
86%
Indonesia 2020 C Province Riau
86%
Indonesia 2020 C Province Riau Islands
86%
Japan 2024 E Prefecture Saitama
86%
Yemen 2004 C Governorate Sana'a
86%
Yemen 2004 C Municipality Sana'a
86%
Malaysia 2023 E State Sarawak
86%
China 2020 C Province Shandong
86%
United Arab Emirates 2023 E Emirate Sharjah
86%
Kazakhstan 2026 E City Shymkent
86%
Pakistan 2023 C Province Sindh
86%
Russia 2025 E Region Sverdlovsk
86%
Turkey 2022 E Province Tekirdağ
86%
Russia 2025 E Region Tomsk
86%
India 2023 P State Tripura
86%
Russia 2025 E Region Tyumen
86%
Mongolia 2021 E Municipality Ulaanbaatar
86%
South Korea 2020 C Metropolitan City Ulsan
86%
India 2023 P State Uttarakhand
86%
Iran 2023 P Province West Azerbaijan
86%
Indonesia 2020 C Province West Nusa Tenggara
86%
Uzbekistan 2025 E Region Xorazm
86%
Iran 2023 P Province Yazd
86%
Armenia 2025 E City Yerevan
86%
China 2020 C Province Yunnan
86%
Russia 2025 E Territory Zabaykalsky
86%
Iran 2023 P Province Alborz
71%
Iran 2023 P Province Ardabil
71%
Afghanistan 2020 P Province Badakhshan
71%
Turkmenistan 2022 C Region Balkan
71%
Indonesia 2020 C Province Bangka Belitung Islands
71%
Philippines 2024 C Autonomous Region Bangsamoro
71%
Indonesia 2020 C Province Banten
71%
Bangladesh 2022 C Division Barisal
71%
Turkey 2022 E Province Batman
71%
Iran 2023 P Province Bushehr
71%
Philippines 2024 C Region Central Luzon
71%
Philippines 2024 C Region Central Visayas
71%
Bangladesh 2022 C Division Chittagong
71%
Kyrgyzstan 2022 C Region Chuy
71%
Vietnam 2019 C Municipality Cần Thơ
71%
South Korea 2020 C Metropolitan City Daejeon
71%
Turkey 2022 E Province Denizli
71%
Philippines 2024 C Region Eastern Visayas
71%
Turkey 2022 E Province Erzurum
71%
Turkey 2022 E Province Eskişehir
71%
Iran 2023 P Province Golestan
71%
Indonesia 2020 C Province Gorontalo
71%
China 2020 C Province Guizhou
71%
South Korea 2020 C Province Gyeonggi
71%
Vietnam 2019 C Municipality Haiphong
71%
Iran 2023 P Province Hamadan
71%
Iran 2023 P Province Hormozgān
71%
Japan 2024 E Prefecture Hyōgo
71%
Yemen 2004 C Governorate Ibb
71%
Syria 2021 E Governorate Idlib
71%
Japan 2024 E Prefecture Iwate
71%
Indonesia 2020 C Province Jambi
71%
China 2020 C Province Jiangsu
71%
Uzbekistan 2025 E Region Jizzakh
71%
Kazakhstan 2026 E Region Karagandy
71%
Turkey 2022 E Province Kayseri
71%
Iran 2023 P Province Kerman
71%
Iran 2023 P Province Kermanshah
71%
Bangladesh 2022 C Division Khulna
71%
Iraq 2024 C Governorate Kirkuk
71%
Japan 2024 E Prefecture Kumamoto
71%
Iran 2023 P Province Kurdistan
71%
Iraq 2024 C Region Kurdistan
71%
Indonesia 2020 C Province Lampung
71%
Turkmenistan 2022 C Region Lebap
71%
Iran 2023 P Province Lorestan
71%
Indonesia 2020 C Province Maluku
71%
Iran 2023 P Province Mazandaran
71%
Japan 2024 E Prefecture Miyazaki
71%
Lebanon 2017 E Governorate Mount Lebanon
71%
Bangladesh 2022 C Division Mymensingh
71%
Saudi Arabia 2022 C Region Najran
71%
Taiwan 2020 C Municipality New Taipei
71%
Japan 2024 E Prefecture Niigata
71%
Iraq 2024 C Governorate Nineveh
71%
Iran 2023 P Province North Khorasan
71%
Indonesia 2020 C Province North Maluku
71%
Japan 2024 E Prefecture Ōita
71%
Kazakhstan 2026 E Region Pavlodar
71%
Cambodia 2019 C Province Phnom Penh
71%
Thailand 2019 P Province Phuket
71%
Bangladesh 2022 C Division Rajshahi
71%
Myanmar 2024 C State Rakhine
71%
Bangladesh 2022 C Division Rangpur
71%
Syria 2021 E Governorate Raqqa
71%
Iran 2023 P Province Razavi Khorasan
71%
Malaysia 2023 E State Sabah
71%
Japan 2024 E Prefecture Shizuoka
71%
Cambodia 2019 C Province Siem Reap
71%
Philippines 2024 C Region Soccsksargen
71%
Iran 2023 P Province South Khorasan
71%
Indonesia 2020 C Province Southwest Papua
71%
Tajikistan 2024 E Region Sughd
71%
Bangladesh 2022 C Division Sylhet
71%
Taiwan 2020 C Municipality Taichung
71%
Taiwan 2020 C Municipality Tainan
71%
Yemen 2004 C Governorate Taiz
71%
Taiwan 2020 C Municipality Taoyuan
71%
Syria 2021 E Governorate Tartus
71%
Israel 2021 E District Tel Aviv
71%
Japan 2024 E Prefecture Tokushima
71%
Japan 2024 E Prefecture Tottori
71%
Japan 2024 E Prefecture Toyama
71%
Turkey 2022 E Province Trabzon
71%
Sri Lanka 2024 C Province Uva
71%
Laos 2023 P Prefecture Vientiane
71%
Japan 2024 E Prefecture Wakayama
71%
Japan 2024 E Prefecture Yamaguchi
71%
Philippines 2024 C Region Zamboanga Peninsula
71%
Jordan 2021 E Governorate Zarqa
71%
China 2020 C Province Zhejiang
71%
Kazakhstan 2026 E Region Abai
57%
Turkey 2022 E Province Ağrı
57%
United Arab Emirates 2023 E Emirate Ajman
57%
Oman 2020 C Governorate Al Batinah North
57%
Syria 2021 E Governorate Al-Hasakah
57%
Qatar 2020 C Municipality Al Rayyan
57%
Vietnam 2019 C Province An Giang
57%
Turkey 2022 E Province Aydın
57%
Myanmar 2024 C Region Ayeyarwady
57%
Iraq 2024 C Governorate Babil
57%
Myanmar 2024 C Region Bago
57%
Turkey 2022 E Province Balıkesir
57%
Indonesia 2020 C Province Bengkulu
57%
Lebanon 2017 E Governorate Beqaa
57%
Philippines 2024 C Region Cagayan Valley
57%
Turkey 2022 E Province Çanakkale
57%
Laos 2023 P Province Champasak
57%
Thailand 2019 P Province Chiang Rai
57%
Thailand 2019 P Province Chonburi
57%
Philippines 2024 C Region Cordillera
57%
Syria 2021 E Governorate Daraa
57%
Turkmenistan 2022 C Region Daşoguz
57%
Syria 2021 E Governorate Deir ez-Zor
57%
Japan 2024 E Prefecture Ehime
57%
Turkey 2022 E Province Elazığ
57%
Japan 2024 E Prefecture Fukui
57%
Nepal 2021 C Province Gandaki
57%
Japan 2024 E Prefecture Gunma
57%
Saudi Arabia 2022 C Region Ha'il
57%
Turkey 2022 E Province Hatay
57%
Palestine 2023 P Governorate Hebron
57%
Vietnam 2019 C Municipality Huế
57%
Japan 2024 E Prefecture Ibaraki
57%
Iran 2023 P Province Ilam
57%
Philippines 2024 C Region Ilocos
57%
Georgia 2024 C Region Imereti
57%
Jordan 2021 E Governorate Irbid
57%
Japan 2024 E Prefecture Ishikawa
57%
Kuwait 2021 C Governorate Jahra
57%
Kazakhstan 2026 E Region Jambyl
57%
China 2020 C Province Jiangxi
57%
Myanmar 2024 C State Kachin
57%
Japan 2024 E Prefecture Kagawa
57%
Turkey 2022 E Province Kahramanmaraş
57%
Iraq 2024 C Governorate Karbala
57%
Myanmar 2024 C State Kayin
57%
Thailand 2019 P Province Khon Kaen
57%
Japan 2024 E Prefecture Kōchi
57%
Kazakhstan 2026 E Region Kostanay
57%
Turkey 2022 E Province Kütahya
57%
Kazakhstan 2026 E Region Kyzylorda
57%
Malaysia 2023 E State Malacca
57%
Turkey 2022 E Province Malatya
57%
Kazakhstan 2026 E Region Mangystau
57%
Turkey 2022 E Province Mersin
57%
Turkey 2022 E Province Muğla
57%
Iraq 2024 C Governorate Najaf
57%
North Korea 2008 C Special City Nampo
57%
Uzbekistan 2025 E Region Navoiy
57%
Sri Lanka 2024 C Province North Central
57%
South Korea 2020 C Province North Jeolla
57%
Japan 2024 E Prefecture Okayama
57%
Iran 2023 P Province Qazvin
57%
North Korea 2008 C Province Ryanggang
57%
Japan 2024 E Prefecture Saga
57%
Turkey 2022 E Province Sakarya
57%
Laos 2023 P Province Savannakhét
57%
Iran 2023 P Province Semnan
57%
Japan 2024 E Prefecture Shimane
57%
Uzbekistan 2025 E Region Sirdaryo
57%
Turkey 2022 E Province Sivas
57%
Thailand 2019 P Province Songkhla
57%
South Korea 2020 C Province South Jeolla
57%
Thailand 2019 P Province Surat Thani
57%
Uzbekistan 2025 E Region Surxondaryo
57%
Saudi Arabia 2022 C Region Tabuk
57%
Japan 2024 E Prefecture Tochigi
57%
Philippines 2024 C Region Western Visayas
57%
Japan 2024 E Prefecture Yamagata
57%
Japan 2024 E Prefecture Yamanashi
57%
Iran 2023 P Province Zanjan
57%
Turkey 2022 E Province Zonguldak
57%
Turkey 2022 E Province Adıyaman
43%
Turkey 2022 E Province Afyonkarahisar
43%
Kuwait 2021 C Governorate Ahmadi
43%
Japan 2024 E Prefecture Aichi
43%
Iraq 2024 C Governorate Al Anbar
43%
Yemen 2004 C Governorate Al Bayda
43%
Saudi Arabia 2022 C Region Al-Jawf
43%
Iraq 2024 C Governorate Al-Qādisiyyah
43%
Saudi Arabia 2022 C Region Al-Qassim
43%
Yemen 2004 C Governorate Amran
43%
Saudi Arabia 2022 C Region Asir
43%
Syria 2021 E Governorate As-Suwayda
43%
Afghanistan 2020 P Province Badghis
43%
Afghanistan 2020 P Province Baghlan
43%
Nepal 2021 C Province Bagmati
43%
Jordan 2021 E Governorate Balqa
43%
Cambodia 2019 C Province Banteay Meanchey
43%
Kyrgyzstan 2022 C Region Batken
43%
Cambodia 2019 C Province Battambang
43%
Vietnam 2019 C Province Bắc Ninh
43%
Philippines 2024 C Region Bicol
43%
Thailand 2019 P Province Buriram
43%
Philippines 2024 C Region Calabarzon
43%
Vietnam 2019 C Province Cà Mau
43%
Vietnam 2019 C Province Cao Bằng
43%
Philippines 2024 C Region Caraga
43%
Thailand 2019 P Province Chachoengsao
43%
North Korea 2008 C Province Chagang
43%
Iran 2023 P Province Chaharmahal and Bakhtiari
43%
Thailand 2019 P Province Chaiyaphum
43%
Taiwan 2020 C County Changhua
43%
Thailand 2019 P Province Chanthaburi
43%
Turkey 2022 E Province Çorum
43%
Afghanistan 2020 P Province Daykundi
43%
Yemen 2004 C Governorate Dhamar
43%
Iraq 2024 C Governorate Dhi Qar
43%
Vietnam 2019 C Province Điện Biên
43%
Iraq 2024 C Governorate Diyala
43%
Vietnam 2019 C Province Đắk Lắk
43%
Vietnam 2019 C Province Đồng Nai
43%
Vietnam 2019 C Province Đồng Tháp
43%
Afghanistan 2020 P Province Farah
43%
Kuwait 2021 C Governorate Farwaniya
43%
Afghanistan 2020 P Province Faryab
43%
South Korea 2020 C Special Self-Governing Province Gangwon
43%
Afghanistan 2020 P Province Ghazni
43%
Vietnam 2019 C Province Gia Lai
43%
Yemen 2004 C Governorate Hajjah
43%
Vietnam 2019 C Province Hà Tĩnh
43%
Kuwait 2021 C Governorate Hawalli
43%
Afghanistan 2020 P Province Helmand
43%
Taiwan 2020 C County Hsinchu
43%
Vietnam 2019 C Province Hưng Yên
43%
Kazakhstan 2026 E Region Jetisu
43%
Saudi Arabia 2022 C Region Jizan
43%
Afghanistan 2020 P Province Jowzjan
43%
Thailand 2019 P Province Kalasin
43%
Thailand 2019 P Province Kamphaeng Phet
43%
Cambodia 2019 C Province Kampong Cham
43%
Cambodia 2019 C Province Kampong Chhnang
43%
Cambodia 2019 C Province Kampong Speu
43%
Cambodia 2019 C Province Kampong Thom
43%
Cambodia 2019 C Province Kampot
43%
Thailand 2019 P Province Kanchanaburi
43%
Cambodia 2019 C Province Kandal
43%
North Korea 2008 C Province Kangwon
43%
Nepal 2021 C Province Karnali
43%
Malaysia 2023 E State Kedah
43%
Malaysia 2023 E State Kelantan
43%
Vietnam 2019 C Province Khánh Hòa
43%
Tajikistan 2024 E Region Khatlon
43%
Afghanistan 2020 P Province Khost
43%
Turkey 2022 E Province Kocaeli
43%
Iran 2023 P Province Kohgiluyeh and Boyer-Ahmad
43%
Nepal 2021 C Province Koshi
43%
Afghanistan 2020 P Province Kunduz
43%
Yemen 2004 C Governorate Lahij
43%
Vietnam 2019 C Province Lâm Đồng
43%
Thailand 2019 P Province Lampang
43%
Vietnam 2019 C Province Lào Cai
43%
Vietnam 2019 C Province Lạng Sơn
43%
Thailand 2019 P Province Loei
43%
Thailand 2019 P Province Lopburi
43%
Nepal 2021 C Province Lumbini
43%
Nepal 2021 C Province Madhesh
43%
Jordan 2021 E Governorate Mafraq
43%
Myanmar 2024 C Region Magway
43%
Thailand 2019 P Province Maha Sarakham
43%
Turkey 2022 E Province Manisa
43%
Turkey 2022 E Province Mardin
43%
Iran 2023 P Province Markazi
43%
Iraq 2024 C Governorate Maysan
43%
Taiwan 2020 C County Miaoli
43%
Philippines 2024 C Region Mimaropa
43%
Japan 2024 E Prefecture Miyagi
43%
Iraq 2024 C Governorate Muthanna
43%
Thailand 2019 P Province Nakhon Pathom
43%
Thailand 2019 P Province Nakhon Phanom
43%
Thailand 2019 P Province Nakhon Ratchasima
43%
Thailand 2019 P Province Nakhon Sawan
43%
Thailand 2019 P Province Nakhon Si Thammarat
43%
Afghanistan 2020 P Province Nangarhar
43%
Thailand 2019 P Province Narathiwat
43%
Malaysia 2023 E State Negeri Sembilan
43%
Philippines 2024 C Region Negros Island
43%
Vietnam 2019 C Province Nghệ An
43%
Vietnam 2019 C Province Ninh Bình
43%
Thailand 2019 P Province Nonthaburi
43%
South Korea 2020 C Province North Chungcheong
43%
Philippines 2024 C Region Northern Mindanao
43%
South Korea 2020 C Province North Gyeongsang
43%
North Korea 2008 C Province North Hamgyong
43%
North Korea 2008 C Province North Hwanghae
43%
North Korea 2008 C Province North Pyongan
43%
Turkey 2022 E Province Ordu
43%
Turkey 2022 E Province Osmaniye
43%
Malaysia 2023 E State Pahang
43%
Afghanistan 2020 P Province Paktia
43%
Afghanistan 2020 P Province Paktika
43%
Afghanistan 2020 P Province Parwan
43%
Thailand 2019 P Province Pathum Thani
43%
Thailand 2019 P Province Pattani
43%
Malaysia 2023 E State Perak
43%
Thailand 2019 P Province Phatthalung
43%
Thailand 2019 P Province Phetchabun
43%
Thailand 2019 P Province Phichit
43%
Thailand 2019 P Province Phitsanulok
43%
Thailand 2019 P Province Phra Nakhon Si Ayutthaya
43%
Vietnam 2019 C Province Phú Thọ
43%
Taiwan 2020 C County Pingtung
43%
Thailand 2019 P Province Prachinburi
43%
Cambodia 2019 C Province Prey Veng
43%
Uzbekistan 2025 E Region Qashqadaryo
43%
Vietnam 2019 C Province Quảng Ngãi
43%
Vietnam 2019 C Province Quảng Ninh
43%
Vietnam 2019 C Province Quảng Trị
43%
Thailand 2019 P Province Ratchaburi
43%
Thailand 2019 P Province Rayong
43%
Thailand 2019 P Province Roi Et
43%
Sri Lanka 2024 C Province Sabaragamuwa
43%
Yemen 2004 C Governorate Sa'dah
43%
Myanmar 2024 C Region Sagaing
43%
Thailand 2019 P Province Sa Kaeo
43%
Thailand 2019 P Province Sakon Nakhon
43%
Iraq 2024 C Governorate Saladin
43%
Thailand 2019 P Province Samut Prakan
43%
Thailand 2019 P Province Samut Sakhon
43%
Thailand 2019 P Province Saraburi
43%
Afghanistan 2020 P Province Sar-e Pol
43%
Malaysia 2023 E State Selangor
43%
Japan 2024 E Prefecture Shiga
43%
Turkey 2022 E Province Şırnak
43%
Thailand 2019 P Province Sisaket
43%
Vietnam 2019 C Province Sơn La
43%
South Korea 2020 C Province South Chungcheong
43%
South Korea 2020 C Province South Gyeongsang
43%
North Korea 2008 C Province South Hamgyong
43%
North Korea 2008 C Province South Hwanghae
43%
North Korea 2008 C Province South Pyongan
43%
Thailand 2019 P Province Sukhothai
43%
Thailand 2019 P Province Suphan Buri
43%
Thailand 2019 P Province Surin
43%
Cambodia 2019 C Province Svay Rieng
43%
Cambodia 2019 C Province Takéo
43%
Afghanistan 2020 P Province Takhar
43%
Myanmar 2024 C Region Tanintharyi
43%
Vietnam 2019 C Province Tây Ninh
43%
Cambodia 2019 C Province Tboung Khmum
43%
Malaysia 2023 E State Terengganu
43%
Vietnam 2019 C Province Thái Nguyên
43%
Vietnam 2019 C Province Thanh Hóa
43%
Turkey 2022 E Province Tokat
43%
Thailand 2019 P Province Trang
43%
Vietnam 2019 C Province Tuyên Quang
43%
Thailand 2019 P Province Ubon Ratchathani
43%
Thailand 2019 P Province Udon Thani
43%
Vietnam 2019 C Province Vĩnh Long
43%
Afghanistan 2020 P Province Wardak
43%
Iraq 2024 C Governorate Wasit
43%
Taiwan 2020 C County Yunlin
43%
No matching quizzes found
Score Distribution
Percent of People with Each Score
Percentile by Number Answered
Your Score History
You have not taken this quiz since the last reset